banner-ar

استراتيجية الاعتماد على الذات نحومنهجية جديدة للتطوير العربى من خلال التصنيع ابتداء من الحاجات الاجتماعية / (Record no. 33444)

MARC details
000 -الفاتح
حقل البيانات ثابتة الطول 00875nam a2200217Ia 4500
005 - وقت وتاريخ اخر تعامل مع التسجيلة
رقم الضبط 20240530102621.0
008 - عناصر البيانات ثابتة الطول - معلومات عامة
حقل البيانات ثابتة الطول 140319s9999 xx 000 0 ara d
040 ## - مصدر الفهرسة
وكالة الفهرسة الأصلية GCL /
وكالة النسخ GCL
082 04 - رقم تصنيف ديوى العشرى
رقم التصنيف 338.902
رقم المادة م ا
100 1# - المدخل الرئيسى - إسم شخصى
الإسم الشخصى محمد دويدار
245 10 - بيان العنوان
العنوان استراتيجية الاعتماد على الذات نحومنهجية جديدة للتطوير العربى من خلال التصنيع ابتداء من الحاجات الاجتماعية /
بيان المسئوليه,etc محمد دويدار ، محمد نورالدين
650 04 - المدخل الاضافى بالموضوع-مصطلح موضوعى
مصطلح موضوعي العالم العربى
650 04 - المدخل الاضافى بالموضوع-مصطلح موضوعى
مصطلح موضوعي الاحوال الاقتصادية
650 04 - المدخل الاضافى بالموضوع-مصطلح موضوعى
مصطلح موضوعي التنمية الاقتصادية
650 04 - المدخل الاضافى بالموضوع-مصطلح موضوعى
مصطلح موضوعي الموارد الاقتصادية
700 1# - المدخل الاضافى - اسم شخصى
الإسم الشخصى سلوى العنترى
700 1# - المدخل الاضافى - اسم شخصى
الإسم الشخصى محمد نورالدين
942 ## - عناصر المدخل الإضافي( كوها)
مصدر التصنيف او مخطط الترفيف Dewey Decimal Classification
Koha [default] item type كتاب
260 ## - PUBLICATION, DISTRIBUTION, ETC. (IMPRINT)
-- [S.N] :
-- منشاة المعارف
Holdings
حالة التراجع حالة الفقد حالة تلف ليس للاعارة المكان المؤقت الموقع الحالى تاريخ الاكتساب اجمالي اﻻعارات رقم الطلب الباركود تاريخ اخر مشاهدة تاريخ تفعيل السعر نوع وعاء كوها
        مكتبة القاهرة الكبرى مكتبة القاهرة الكبرى 03/26/2014   338.902\م ا 79561 03/26/2014 03/26/2014 كتاب
        مكتبة القاهرة الكبرى مكتبة القاهرة الكبرى 03/26/2014   338.902\م ا 79562 03/26/2014 03/26/2014 كتاب

Powered By

EGPV